000 00629nam a2200205 i 4500
001 94077
003 ES-MaACL
005 20230906181404.0
007 t|
008 050617s2004 sp ||||1| spa d
020 _a84-239-9261-6
080 _a82(038)
100 1 _aPlatas Tasende, Ana María.
_992592
245 1 0 _aDiccionario de términos literarios /
_cAna María Platas Tasende.
260 _aPozuelo de Alarcón (Madrid) :
_bEspasa Calpe,
_c2004.
300 _aXII, 934 p. ;
_c18 cm.
504 _aBibliografía: p. [911]-934.
650 1 4 _aLiteratura-
_vDiccionarios.
_914484
852 _aES-MaACL
_jL-29158
_bR.135547
999 _c94077
_d94077